000 00263nam a22001097a 4500
040 _cHS
082 _a301
100 _aហ៊ីង សាលីន
245 _aសង្គមវិទ្យា
260 _aRUA
_b ហ៊ីង សាលីន
_c2006
942 _cKB
999 _c8445
_d8445